The use of color in architecture/ (Record no. 607948)

000 -LEADER
fixed length control field 00572 a2200193 4500
003 - CONTROL NUMBER IDENTIFIER
control field OSt
005 - DATE AND TIME OF LATEST TRANSACTION
control field 20260203101141.0
008 - FIXED-LENGTH DATA ELEMENTS--GENERAL INFORMATION
fixed length control field 190702t xxu||||| |||| 00| 0 eng d
020 ## - INTERNATIONAL STANDARD BOOK NUMBER
International Standard Book Number 9788416239924
040 ## - CATALOGING SOURCE
Transcribing agency 0
082 ## - DEWEY DECIMAL CLASSIFICATION NUMBER
Classification number 729.40222
Author Mark BRO
100 ## - MAIN ENTRY--PERSONAL NAME
Personal name Brot, Carles
9 (RLIN) 120949
245 ## - TITLE STATEMENT
Title The use of color in architecture/
Statement of responsibility, etc. Carles Broto.
260 ## - PUBLICATION, DISTRIBUTION, ETC.
Name of publisher, distributor, etc. Links International
Date of publication, distribution, etc. 2016.
300 ## - PHYSICAL DESCRIPTION
Extent 298p.:
Other physical details ill;
Dimensions 28 cm.
650 ## - SUBJECT ADDED ENTRY--TOPICAL TERM
Topical term or geographic name entry element Color in architecture
9 (RLIN) 33801
942 ## - ADDED ENTRY ELEMENTS (KOHA)
Source of classification or shelving scheme
Koha item type Book
Institution code [OBSOLETE] SADA
Call number prefix 729.40222 BRO 2016
Holdings
Withdrawn status Lost status Source of classification or shelving scheme Damaged status Not for loan Permanent Location Current Location Date acquired Source of acquisition Full call number Barcode Date last seen Cost, replacement price Price effective from Koha item type
          School of Art Design and Architecture (SADA) School of Art Design and Architecture (SADA) 06/25/2019 Golden Books 729.40222 BRO 2016 SADA0002826 02/21/2024 10712.98 02/21/2024 Book
© 2023 Central Library, National University of Sciences and Technology. All Rights Reserved.